000 00297nam a2200133Ia 4500
008 200103s9999||||xx |||||||||||||| ||und||
040 _aIMU-MPC
082 _aColumn-31
100 _aHMSO
245 0 _aExamples in Applied Mechanics
260 _bHMSO, London
_c1938
300 _a204
942 _cBK
999 _c7530
_d7530